000 00374nam a2200133Ia 4500
008 220217s9999||||xx |||||||||||||| ||und||
020 _a81-85618-712
082 _a425 MUR
100 _aMurphy, Raymond Hashemi, Louise
245 0 _aIntermediate english grammer
260 _aCambridge university press
_bNew Delhi
_c2000
300 _b65
650 _aENGLISH GRAMMER
999 _c168297
_d168297